[Event "London Classic op 8th"]
[Site "London"]
[Date "2016.12.14"]
[Round "7"]
[White "Sucikova, Svetlana"]
[Black "Giakoustidis, Spiros Avgerinos"]
[Result "1-0"]
[WhiteElo "2083"]
[BlackElo "1800"]
[PlyCount "93"]
[EventDate "2016.12.09"]
[EventType "swiss"]
[EventRounds "9"]
[EventCountry "ENG"]
[SourceTitle "CBM 176 Extra"]
[Source "ChessBase"]
[SourceDate "2017.03.02"]
[SourceVersion "1"]
[SourceVersionDate "2017.03.02"]
[SourceQuality "1"]

1. c4 Nf6 2. Nc3 d5 3. cxd5 Nxd5 4. g3 g6 5. Bg2 Nxc3 6. bxc3 Bg7 7. Rb1 Nd7 8. Nf3 0-0 9. 0-0 Rb8 10. d4 c5 11. Bf4 Ra8 12. Qc1 Qa5 13. Rb2 cxd4 14. cxd4 e5 15. dxe5 Nxe5 16. Nd2 Nc6 17. Bxc6 bxc6 18. Rc2 Bh3 19. Rd1 Qa6 20. Nf3 c5 21. Bh6 Rfe8 22. Bxg7 Kxg7 23. Rc4 h5 24. Ng5 Bg4 25. f3 Rxe2 26. fxg4 Qxa2 27. Qa1+ Qxa1 28. Rxa1 hxg4 29. Rxc5 Rd8 30. Rf1 f5 31. Rc7+ Kg8 32. Rxa7 Rdd2 33. Rh7 Rg2+ 34. Kh1 Rge2 35. Rc1 Re8 36. Kg1 Ra2 37. Rb7 Rd2 38. Ne6 Rd6 39. Nf4 g5 40. Ng2 Ra8 41. Rb5 Kg7 42. Rxf5 Kg6 43. Rf2 Ra3 44. Rfc2 Kh5 45. Rc6 Rd2 46. Nf4+ gxf4 47. R1c5+ 1-0

[Event "London Classic op 8th"]
[Site "London"]
[Date "2016.12.11"]
[Round "4"]
[White "Stanisz, Patryk"]
[Black "Giakoustidis, Spiros Avgerinos"]
[Result "1-0"]
[WhiteElo "2064"]
[BlackElo "1800"]
[PlyCount "55"]
[EventDate "2016.12.09"]
[EventType "swiss"]
[EventRounds "9"]
[EventCountry "ENG"]
[SourceTitle "CBM 176 Extra"]
[Source "ChessBase"]
[SourceDate "2017.03.02"]
[SourceVersion "1"]
[SourceVersionDate "2017.03.02"]
[SourceQuality "1"]

1. d4 d5 2. c4 c6 3. Nf3 Nf6 4. e3 e6 5. Nc3 Nbd7 6. Qc2 Bd6 7. Bd3 dxc4 8. Bxc4 Nb6 9. Bd3 h6 10. e4 Be7 11. 0-0 0-0 12. Rd1 Bd7 13. Qe2 Re8 14. e5 Nh7 15. Nd2 f5 16. exf6 Bxf6 17. Nde4 Be7 18. Qh5 Bg5 19. Nd6 Re7 20. Bxh7+ Kxh7 21. Bxg5 Be8 22. Qh4 Qxd6 23. Bxe7 Qd7 24. Bg5 Nc4 25. Ne4 Kg6 26. Bc1 Rd8 27. Nc5 Qd5 28. Nxe6 1-0

[Event "London Classic op 8th"]
[Site "London"]
[Date "2016.12.10"]
[Round "3"]
[White "Giakoustidis, Spiros Avgerinos"]
[Black "Lyell, Mark"]
[Result "0-1"]
[WhiteElo "1800"]
[BlackElo "2203"]
[PlyCount "146"]
[EventDate "2016.12.09"]
[EventType "swiss"]
[EventRounds "9"]
[EventCountry "ENG"]
[SourceTitle "CBM 176 Extra"]
[Source "ChessBase"]
[SourceDate "2017.03.02"]
[SourceVersion "1"]
[SourceVersionDate "2017.03.02"]
[SourceQuality "1"]

1. d4 e6 2. e4 d5 3. e5 c5 4. c3 Nc6 5. Nf3 Qb6 6. a3 Nh6 7. b4 cxd4 8. cxd4 Nf5 9. Bb2 Bd7 10. g4 Nfe7 11. Nc3 Na5 12. Na4 Qc6 13. b5 Qc7 14. Nc5 Nc4 15. Bxc4 dxc4 16. a4 Nd5 17. Ba3 Bxc5 18. Bxc5 Qa5+ 19. Kf1 b6 20. Bd6 Bc8 21. Nd2 Bb7 22. Rg1 Qc3 23. Nf3 Nf4 24. Rg3 Nd3 25. Ne1 Be4 26. Nc2 Rc8 27. Bb4 Qb2 28. Rb1 Nxf2 29. Rxb2 Nxd1 30. Ra2 c3 31. Ke2 Nb2 32. Rxc3 Rxc3 33. Bxc3 Bxc2 34. Bxb2 Kd7 35. Kd2 Be4 36. Ra3 h5 37. g5 h4 38. a5 Rc8 39. Bc3 Rc7 40. axb6 axb6 41. Ke3 Bd5 42. Bb4 Bc4 43. Bd6 Rb7 44. Ra8 Bxb5 45. Rh8 Kc6 46. Rxh4 Kd5 47. Rh7 g6 48. h4 Ba6 49. Rh8 Bf1 50. h5 gxh5 51. Rxh5 Bg2 52. Rh8 Kc4 53. Rh2 Bd5 54. Rb2 Kc3 55. Rb4 b5 56. Bc5 Bc4 57. Kf4 Rd7 58. Rb1 Rb7 59. Rb4 Bd3 60. Ke3 Rb8 61. d5 exd5 62. Rf4 Bg6 63. Bd4+ Kb3 64. Rf6 b4 65. Kd2 Kc4 66. e6 Kxd4 67. exf7 b3 68. Rxg6 b2 69. f8Q Rxf8 70. Rb6 Rf2+ 71. Ke1 Rc2 72. Rb4+ Kc3 73. Rb8 Rc1+ 0-1

[Event "London Classic op 7th"]
[Site "London"]
[Date "2015.12.08"]
[Round "6"]
[White "Giakoustidis, Spiros Avgerinos"]
[Black "Opasiak, Dustin Tennessee"]
[Result "1/2-1/2"]
[WhiteElo "1824"]
[BlackElo "1782"]
[PlyCount "100"]
[EventDate "2015.12.04"]
[EventType "swiss"]
[EventRounds "9"]
[EventCountry "ENG"]
[SourceTitle "CBM 169 Extra"]
[Source "ChessBase"]
[SourceDate "2015.12.18"]
[SourceVersion "1"]
[SourceVersionDate "2015.12.18"]
[SourceQuality "1"]

1. e4 e6 2. d4 d5 3. Nc3 Nf6 4. Bg5 Bb4 5. e5 h6 6. Bd2 Bxc3 7. Bxc3 Ne4 8. Bb4 c5 9. Bxc5 Nxc5 10. dxc5 Qa5+ 11. Qd2 Qxc5 12. b4 Qc7 13. f4 Bd7 14. Nf3 0-0 15. Bd3 Nc6 16. a3 Qb6 17. Qf2 Qxf2+ 18. Kxf2 a6 19. c4 dxc4 20. Bxc4 Rad8 21. Rad1 Bc8 22. Ke2 g5 23. fxg5 hxg5 24. h3 Kg7 25. Ke3 Rg8 26. g4 Rh8 27. Be2 Rxd1 28. Bxd1 f6 29. exf6+ Kxf6 30. Nd2 Ne5 31. Ne4+ Ke7 32. Be2 Nf7 33. a4 b6 34. a5 b5 35. Nc5 Ne5 36. Rh2 Nd7 37. Ne4 Nf6 38. Nxg5 Nd5+ 39. Kd4 Nxb4 40. Bf3 Rd8+ 41. Kc3 Nd5+ 42. Kb3 Nf6 43. Rc2 Rf8 44. Rc7+ Kd6 45. Ra7 Nd5 46. h4 Rf4 47. Nf7+ Kc5 48. Ne5 Kd4 49. Nc6+ Kc5 50. Ne5 Kd4 1/2-1/2

[Event "London Classic op 7th"]
[Site "London"]
[Date "2015.12.07"]
[Round "5"]
[White "Mitra, Roman"]
[Black "Giakoustidis, Spiros Avgerinos"]
[Result "1-0"]
[WhiteElo "2023"]
[BlackElo "1824"]
[PlyCount "81"]
[EventDate "2015.12.04"]
[EventType "swiss"]
[EventRounds "9"]
[EventCountry "ENG"]
[SourceTitle "CBM 169 Extra"]
[Source "ChessBase"]
[SourceDate "2015.12.18"]
[SourceVersion "1"]
[SourceVersionDate "2015.12.18"]
[SourceQuality "1"]

1. e4 d6 2. g3 g6 3. Bg2 Bg7 4. Ne2 e5 5. 0-0 Nf6 6. Nbc3 Nc6 7. d4 0-0 8. d5 Ne7 9. Bg5 h6 10. Bxf6 Bxf6 11. Qd2 Bg7 12. Nd1 f5 13. f3 g5 14. c4 Ng6 15. exf5 Bxf5 16. Ne3 Bd7 17. Qc2 Ne7 18. Nc3 Nf5 19. Nxf5 Bxf5 20. Ne4 c6 21. Qb3 cxd5 22. cxd5 Rf7 23. Qb4 Bf8 24. Rfc1 Rc7 25. Rc3 Rac8 26. Rac1 Be7 27. g4 Bg6 28. Qxb7 Rxc3 29. Rxc3 Rxc3 30. Nxc3 Qb6+ 31. Qxb6 axb6 32. Bf1 Kf7 33. Kf2 Ke8 34. Bb5+ Kd8 35. Ke3 Kc7 36. Bc6 Bf8 37. b4 Kd8 38. a4 Kc7 39. a5 bxa5 40. bxa5 Bc2 41. Nb5+ 1-0

[Event "London Classic op 7th"]
[Site "London"]
[Date "2015.12.04"]
[Round "1"]
[White "Ronka, Erik"]
[Black "Giakoustidis, Spiros Avgerinos"]
[Result "1-0"]
[WhiteElo "2248"]
[BlackElo "1824"]
[PlyCount "61"]
[EventDate "2015.12.04"]
[EventType "swiss"]
[EventRounds "9"]
[EventCountry "ENG"]
[SourceTitle "CBM 169 Extra"]
[Source "ChessBase"]
[SourceDate "2015.12.18"]
[SourceVersion "1"]
[SourceVersionDate "2015.12.18"]
[SourceQuality "1"]

1. d4 d6 2. e4 Nf6 3. Nc3 g6 4. f4 Bg7 5. a3 0-0 6. Nf3 Bg4 7. h3 Bxf3 8. Qxf3 Nc6 9. Be3 e5 10. dxe5 dxe5 11. f5 Nd4 12. Qf2 c5 13. g4 Qa5 14. 0-0-0 Rfe8 15. g5 Nh5 16. Bc4 gxf5 17. exf5 b5 18. Bxd4 cxd4 19. Nxb5 Rec8 20. Nd6 Rxc4 21. Nxc4 Qb5 22. Qf3 Rd8 23. b3 Nf4 24. f6 Bf8 25. Rhe1 Rd5 26. h4 d3 27. Kb2 Qc5 28. c3 d2 29. Rxe5 Rxe5 30. Qxf4 Rf5 31. Qd4 1-0

[Event "Thessaloniki Triandria op 5th"]
[Site "Thessaloniki"]
[Date "2012.04.19"]
[Round "3"]
[White "Giakoustidis, Spiros Avgerinos"]
[Black "Papakonstantinou, Dimitrios"]
[Result "0-1"]
[WhiteElo "1880"]
[BlackElo "2096"]
[PlyCount "90"]
[EventDate "2012.04.17"]
[EventType "swiss"]
[EventRounds "7"]
[EventCountry "GRE"]
[SourceTitle "EXT 2014"]
[Source "ChessBase"]
[SourceDate "2013.11.20"]
[SourceVersion "1"]
[SourceVersionDate "2013.11.20"]
[SourceQuality "1"]

1. d4 Nf6 2. Bg5 Ne4 3. Bf4 c5 4. f3 Qa5+ 5. c3 Nf6 6. Nd2 cxd4 7. Nb3 Qd8 8. cxd4 d5 9. e3 e6 10. Bd3 Bb4+ 11. Kf2 Nc6 12. Ne2 Nh5 13. Rc1 0-0 14. Qc2 Nxf4 15. Nxf4 h6 16. Ne2 Qe7 17. Rhd1 Bd6 18. a3 Qh4+ 19. Ng3 f5 20. Kg1 f4 21. exf4 Bxf4 22. Qf2 Bxc1 23. Rxc1 a5 24. Bb5 Na7 25. a4 Nxb5 26. axb5 b6 27. Rc6 Rb8 28. Qe3 Qf4 29. Qe5 a4 30. Nd2 Bd7 31. Rd6 Rb7 32. Ndf1 Qxe5 33. dxe5 Rf4 34. Ne2 Rb4 35. Nc3 Rxb2 36. Nxa4 Rxb5 37. Nc3 Rb2 38. Nd1 Ra2 39. Nfe3 b5 40. Nc3 Ra1+ 41. Kf2 b4 42. Ncxd5 exd5 43. Nxd5 b3 44. e6 Bxe6 45. Rxe6 b2 0-1

[Event "Chalkidiki op-A 2nd"]
[Site "Kallithea"]
[Date "2006.04.26"]
[Round "2"]
[White "Zakarian, David"]
[Black "Giakoustidis, Spiros Avgerinos"]
[Result "1-0"]
[WhiteElo "2359"]
[BlackElo "1977"]
[PlyCount "59"]
[EventDate "2006.04.25"]
[EventType "swiss"]
[EventRounds "9"]
[EventCountry "GRE"]
[SourceTitle "CBM 112 Extra"]
[Source "ChessBase"]
[SourceDate "2006.07.14"]
[SourceVersion "1"]
[SourceVersionDate "2006.07.14"]
[SourceQuality "1"]

1. e4 d6 2. d4 Nf6 3. f3 c5 4. dxc5 Qa5+ 5. Nc3 Qxc5 6. Qd3 Bd7 7. Be3 Qa5 8. 0-0-0 Nc6 9. Kb1 g6 10. Qd2 a6 11. Bc4 Bg7 12. Bb3 0-0 13. Nge2 b5 14. h4 Ne5 15. Nd5 Qd8 16. Bb6 Qe8 17. Nc7 Qb8 18. Nxa8 Qxa8 19. Nf4 Nc4 20. Bxc4 bxc4 21. Ba5 Qb7 22. Bc3 Bc6 23. Nd5 Rb8 24. Nxf6+ Bxf6 25. Bxf6 e5 26. Qc3 d5 27. exd5 Bxd5 28. h5 Qc6 29. h6 Rb5 30. Rhe1 1-0

[Event "Thessaloniki Kalamaria op 2nd"]
[Site "Thessaloniki"]
[Date "2005.09.01"]
[Round "2"]
[White "Giakoustidis, Spiros Avgerinos"]
[Black "Marjanovic, Slavoljub"]
[Result "0-1"]
[WhiteElo "1988"]
[BlackElo "2484"]
[PlyCount "38"]
[EventDate "2005.08.31"]
[EventType "swiss"]
[EventRounds "6"]
[EventCountry "GRE"]
[SourceTitle "CBM 108 Extra"]
[Source "ChessBase"]
[SourceDate "2005.11.04"]
[SourceVersion "1"]
[SourceVersionDate "2005.11.04"]
[SourceQuality "1"]

1. d4 Nf6 2. Bg5 e6 3. c3 h6 4. Bh4 b6 5. e3 Bb7 6. f3 d5 7. Bb5+ c6 8. Bd3 Be7 9. Nd2 c5 10. Ne2 Nc6 11. Rc1 0-0 12. 0-0 e5 13. Bf2 a6 14. e4 dxe4 15. Bxe4 Nxe4 16. Nxe4 f5 17. Qb3+ Kh8 18. Nxc5 bxc5 19. Qxb7 Na5 0-1